[List Jozefa Miloslava Hurbana Dionýzovi Fejovi-Rakovskému]

List sa týka štúdií syna J. M. Hurbana Bohuslava

Bibliographic Details
Main Author: Hurban, Jozef Miloslav, 1817-1888 (Author)
Format: Manuscript Book
Language:Slovak
PhysicalDescription:3 nečíslované strany rukopis, voľný list 23 cm
Published: Hlboké 5.12.1885
Subjects:

MARC

LEADER 00000ntmaa2200000 a 4500
001 vtls012020693
003 SK-MaSNL
005 20260301175858.0
008 251201e1885 xo || 000 idslo
035 |a urn:nbn:sk:snk-tm00g34g 
035 |a urn:nbn:sk:snk-tm3n4bh 
035 |a C8D1C378-96A0-4FD2-8E6C-F47C0B279A86 
040 |a SNKLA  |b slo  |c SNKLA  |e AACR2 
041 0 |a slo 
044 |a xo  |c SK 
080 |a 025.171  |2 2011 
080 |a 37.091.3  |2 2011 
080 |a (044)  |2 2011 
100 1 |a Hurban, Jozef Miloslav,  |d 1817-1888  |4 aut  |9 93005 
245 1 0 |a [List Jozefa Miloslava Hurbana Dionýzovi Fejovi-Rakovskému]  |c [Jozef Miloslav Hurban] 
260 |a Hlboké  |c 5.12.1885 
300 |a 3 nečíslované strany  |b rukopis, voľný list  |c 23 cm 
500 |a Autor podľa rukopisu iných listov pod signatúrou M 23 
500 |a Adresát oslovený len krstným menom, presne určený katalogizátorom 
520 2 |a List sa týka štúdií syna J. M. Hurbana Bohuslava 
555 0 |a Inventár rukopisov Literárneho archívu MS V. Archív Slovenského národného múzea. Fondy M 1 - 50. Martin : Matica slovenská 1974 
561 |a Okrúhla pečiatka: Archiv Slovenského národného muzea v Turč. Sv. Martine 
561 |a Okrúhla pečiatka: Matica slovenská Martin Literárny archív 
600 1 7 |a Hurban, Bohuslav,  |d 1862-1889  |2 SNKMA  |9 199144 
650 0 7 |a štúdium a výučba  |2 SNKPH  |9 3982 
655 7 |a rukopisy  |2 SNKPH  |9 70548 
655 7 |a korešpondencia  |2 SNKPH  |9 60843 
655 7 |a listy  |2 SNKPH  |9 84490 
700 1 |a Feja-Rakovský, Dionýz,  |d 1844-1931  |4 rcp  |9 190468 
852 |a Slovenská národná knižnica  |b Literárny archív 
958 |a MOF 
958 |a LAVD 
999 |c 844331  |d 846261 
952 |a SNKLA  |b SNKLA  |c SNKLA_DEP  |y NEVYP  |7 0  |p 17A1312049  |o snkM 23 CH 20  |0 0  |1 0  |4 0  |d 2021-04-06  |f 1  |l 0  |r 2026-02-24 04:22:16  |w 2026-02-24